Normal view
MARC view
- JINNAH PAPERS-VOL 1/2 PAKISTAN-INDEPENDANCE MOVEMENT
Entry Topical Term
001 - CONTROL NUMBER
- control field: 78664
003 - CONTROL NUMBER IDENTIFIER
- control field: NUST
005 - DATE AND TIME OF LATEST TRANSACTION
- control field: 20210628210233.0
008 - FIXED-LENGTH DATA ELEMENTS
- fixed length control field: 210628|| aca||aabn | a|a d
040 ## - CATALOGING SOURCE
- Original cataloging agency: NUST
- Transcribing agency: NUST
150 ## - HEADING--TOPICAL TERM
- Topical term or geographic name entry element: JINNAH PAPERS-VOL 1/2 PAKISTAN-INDEPENDANCE MOVEMENT
670 ## - SOURCE DATA FOUND
- Source citation: Work cat.: (NUST): Zaidi, Z. H Zaidi, Z. H Zaidi, Z. H 78663, Jinnah papers. Vol-1/2 prelude to pakistan.20 februrary - 2 june 1947 appendices, 1993
